000 00498nam a22001932 4500
001 0000011972
005 20151217152104.0
008 090124s xxa 000 0 eng d
020 _c$
040 _aYour Holding Symbol
_cYour Holding Symbol
100 1 _aKoros, William.
_@0000168098
245 1 0 _a Bible 120 :
_bNew Testament Survey.
300 _a p.
908 _a090124
950 _@1
999 _c8125
_d8125